000 00747nam a2200289Ia 4500
005 20260324142559.0
008 008 260324s9999 xx 000 0 eng d
020 _a9781315484891
037 _aEBOOK
040 _aCRL
040 _beng
040 _cCRL
041 _2eng
041 _aeng
084 _qCRL
100 _aLily Xiao Hong Lee
_91193466
245 0 _aNew East Asian Economic Development: The Interaction of Capitalism and Socialism
245 4 _bThe Interaction of Capitalism and Socialism
260 _bTaylor and Francis
260 _c1994
365 _a
365 _b280
856 _uhttp://www.taylorfrancis.com/books/9781315484891
942 _cEBOOK
999 _c1816827
_d1816827